LEADER 01371nam a2200277 u 4500 001 000000014457 003 CaOOAMICUS 005 20070226105752.0 008 940517s1986 it afh u000 u ita u 035 $a10341336 040 $aPUL(R)$bita 245 00$aBiblioteca Medicea Laurenziana /$c[Profilo storico della Biblioteca Medicea Laurenziana: Antonietta Morandini ; l'architettura della Biblioteca Medicea Lurenziana: Guglielmo De Angelis d'Ossat ; schede storico-critiche: Mario Tesi]. 260 $aFirenze :$bNardini,$cc1986. 300 $a314 p., tav. :$bill. (pt. facs.) ;$c32 cm 490 1 $aGrandi biblioteche d'Italia 610 24$aBiblioteca Medicea Laurenziana (Firenze)$xCataloghi.$0(OLS)http://pul/subject/10138 700 1 $aMorandini, Antonietta.$0(OLS)http://pul/name/13419 700 1 $aTesi, Mario.$0(OLS)http://pul/name/13421 700 1 $aDe Angelis d'Ossat, Guglielmo,$d1907-1992.$0(OLS)http://pul/name/13420 830 0$aGrandi biblioteche d'Italia.$0(OLS)http://pul/title/7127 850 $aPUL 852 $aPUL$W1$xSL Cons. Gen., Altre Classi 1$y1$m2021 C 3$j20303$nBK-PRI$b $qStampati$B20303$CPULBib$Z2$F20303 $H $81 941 1 $a8 961 $aINV: 65390 996 $6245$aBiblioteca Medicea Laurenziana$9(OLS)http://pul/title/20780 996 $6260$aFirenze :$bNardini$9(OLS)http://pul/publisher/47894 LEADER 01127naa a2200229 u 4500 001 000000095575 003 CaOOAMICUS 005 20070226130143.0 008 040705s1986 it u000 u ita u 020 $a8806593412 035 $a11002996 040 $aIAR$bita 100 1 $aMenozzi, Daniele,$d1947-$0(OLS)http://pul/name/18691 245 10$aTra riforma e restaurazione :$bDalla crisi della società cristiana al mito della cristianità medievale (1758-1848) /$cDaniele Menozzi. 260 $aTorino :$bGiulio Einaudi,$c1986. 300 $aS. 769-807, ;$c22 cm 651 4$aItalia$xStoria ecclesiastica$ySec. XVIII-XIX.$0(OLS)http://pul/subject/30408 773 0 $aStoria d'Italia (Giulio Einaudi ed.)$gAnnali 9. 773 0 $tStoria d'Italia. Annali. 9, La Chiesa e il potere politico dal Medioevo all'età contemporanea$w()28851 996 $6020$a8806593412$9(OLS)http://pul/number/35870 996 $6245$aTra riforma e restaurazione :$bDalla crisi della società cristiana al mito della cristianità medievale (1758-1848)$9(OLS)http://pul/title/122452 996 $6260$aTorino :$bGiulio Einaudi$9(OLS)http://pul/publisher/54573